Der Beitrag der phänomenologischen Anthropologie zur Kriminologie

Gespeichert in:  
Bibliographische Detailangaben
1. VerfasserIn: Leferenz, Heinz 1913- (Verfasst von)
Medienart: Druck Aufsatz
Sprache:Deutsch
Veröffentlicht: 1961
In: Festschrift für Eberhard Schmidt zum 70. Geburtstag
Jahr: 1961, Seiten: [645] - 661
Verfügbarkeit prüfen: HBZ Gateway
Schlagwörter:

MARC

LEADER 00000caa a22000002c 4500
001 1143427726
003 DE-627
005 20260325141700.0
007 tu
008 990208s1961 xx ||||| 00| ||ger c
035 |a (DE-627)1143427726 
035 |a (DE-576)073427721 
035 |a (DE-599)BSZ073427721 
040 |a DE-627  |b ger  |c DE-627  |e rakwb 
041 |a ger 
100 1 |a Leferenz, Heinz  |d 1913-  |0 (DE-588)118570927  |0 (DE-627)079366767  |0 (DE-576)161940951  |4 aut 
109 |a Leferenz, Heinz 1913- 
245 1 4 |a Der Beitrag der phänomenologischen Anthropologie zur Kriminologie  |c von Heinz Leferenz 
264 1 |c 1961 
336 |a Text  |b txt  |2 rdacontent 
337 |a ohne Hilfsmittel zu benutzen  |b n  |2 rdamedia 
338 |a Band  |b nc  |2 rdacarrier 
650 4 |a Anthropologie 
773 0 8 |i In  |t Festschrift für Eberhard Schmidt zum 70. Geburtstag  |d Göttingen : Vandenhoeck & Ruprecht, 1961  |g (1961), Seite [645] - 661  |h 667 S.  |w (DE-627)1071750259  |w (DE-576)001750259  |7 nnam 
773 1 8 |g year:1961  |g pages:[645] - 661 
951 |a AR 
ELC |b 1 
LOK |0 000 xxxxxcx a22 zn 4500 
LOK |0 001 2864977303 
LOK |0 003 DE-627 
LOK |0 004 1143427726 
LOK |0 005 20240626154901 
LOK |0 008 151015||||||||||||||||ger||||||| 
LOK |0 040   |a DE-21-110  |c DE-627  |d DE-21-110 
LOK |0 852   |a DE-21-110 
LOK |0 852 1  |m p  |9 00 
LOK |0 935   |a k110 
LOK |0 938   |k p 
LOK |0 939   |a 2015-10-15  |b l01 
ORI |a WA-MARC-krimdoka001.raw